MARC

LEADER 00000nam0a2200000 4500
001 29790
005 20231030203635.0
010 |a 5732504192 
035 |a (RuTPU)RU\TPU\book\30056 
035 |a BOOK00030131 
090 |a 29790 
100 |a 20011209d2000 m y0rusy50 ca 
101 0 |a rus 
102 |a RU 
105 |a a j 001zy 
200 1 |a Холодильные установки  |e учебник для вузов  |f Е. С. Курылев, В. В. Оносовский, Ю. Д. Румянцев 
210 |a СПб.  |c Политехника  |d 2000 
215 |a 576 с.  |c ил. 
225 1 |a Учебник для вузов 
300 |a В выходных данных приведены два года издания 2000 и 1999. 
320 |a Библиогр.: с. 573 
451 1 |0 (RuTPU)RU\TPU\book\91072  |y 5-7325-0690-X  |t Холодильные установки  |o учебник для вузов  |f Е. С. Курылев, В. В. Оносовский, Ю. Д. Румянцев  |e 2-е изд., стер.  |c СПб.  |n Политехника  |d 2004  |p 576 с.  |a Курылев, Евгений Сергеевич 
451 1 |0 (RuTPU)RU\TPU\book\34384  |t Холодильные установки  |o учебное пособие  |f Е. С. Курылев, Н. А. Герасимов  |e 3-е изд., перераб. и доп.  |c Л.  |n Машиностроение  |d 1980  |p 622 с.  |s Учебник для вузов  |a Курылев, Евгений Сергеевич 
610 1 |a холодильная техника 
610 1 |a холодильные установки 
610 1 |a схемы 
610 1 |a охлаждаемые помещения 
610 1 |a учебные пособия 
675 |a 621.565(075.8)  |v 3 
700 1 |a Курылев  |b Е. С.  |g Евгений Сергеевич 
701 1 |a Оносовский  |b В. В.  |g Вадим Валентинович 
701 1 |a Румянцев  |b Ю. Д.  |g Юрий Дмитриевич 
801 0 |a RU  |b 63413507  |c 20011209  |g PSBO 
801 2 |a RU  |b 63413507  |c 20090729  |g PSBO 
942 |c BK